Ästhetik, Digitalisierung und Künstliche Intelligenz : Aesthetics, Digitalization, and Artificial Intelligence /
Der zweisprachige Sammelband versammelt aktuelle philosophische und kunstwissenschaftliche Forschungen, Perspektiven und Diskussionen im Schnittpunkt von Ästhetik, Digitalisierung und Künstlicher Intelligenz. Die digitale Revolution betrifft all unsere Lebensbereiche und macht auch nicht vor der Kun...
Other Authors:
Format: eBook
Language:
English
German
Published:
Paderborn :
Mentis, Brill Deutschland,
2025.
Series:
Philosophia Digitalis ;
2.
Schöningh, Fink and mentis Religious Studies, Theology and Philosophy E-Books Online, Collection 2026.
Subjects:
Online Access: Login to view Source
Tags: Add Tag
Call Number: PZ7.S588
| LEADER | 02982nam a22004938i 4500 | ||
|---|---|---|---|
| 001 | BRILL9783969753477 | ||
| 003 | nllekb | ||
| 005 | 20251116180222.0 | ||
| 006 | m d | ||
| 007 | cr un uuuua | ||
| 008 | 250910s2025 gw sb 001 0 eng d | ||
| 020 | |a 9783969753477 |q (electronic book) | ||
| 020 | |z 9783957433473 |q (print) | ||
| 024 | 7 | |a 10.30965/9783969753477 |2 DOI | |
| 035 | |z (OCoLC)1518686024 | ||
| 040 | |a NL-LeKB |c NL-LeKB |e rda | ||
| 041 | |a ger | ||
| 050 | 4 | |a PZ7.S588 | |
| 072 | 7 | |a HPN |2 bicssc | |
| 072 | 7 | |a PHI |x 001000 |2 bisacsh | |
| 082 | 0 | 4 | |a 100 |2 23 |
| 245 | 0 | 0 | |a Ästhetik, Digitalisierung und Künstliche Intelligenz : |b Aesthetics, Digitalization, and Artificial Intelligence / |c edited by Lisa Schmalzried. |
| 246 | 3 | |a Aesthetics, Digitalization, and Artificial Intelligence | |
| 264 | 1 | |a Paderborn : |b Mentis, Brill Deutschland, |c 2025. | |
| 264 | 4 | |c ©2025 | |
| 300 | |a 1 online resource (250 pages) : |b illustrations. | ||
| 336 | |a text |b txt |2 rdacontent | ||
| 337 | |a computer |b c |2 rdamedia | ||
| 338 | |a online resource |2 rdacarrier | ||
| 490 | 1 | |a Philosophia Digitalis ; |v 2 | |
| 490 | 1 | |a Schöningh, Fink and mentis Religious Studies, Theology and Philosophy E-Books Online, Collection 2026 | |
| 504 | |a Includes bibliographical references and index. | ||
| 520 | |a Der zweisprachige Sammelband versammelt aktuelle philosophische und kunstwissenschaftliche Forschungen, Perspektiven und Diskussionen im Schnittpunkt von Ästhetik, Digitalisierung und Künstlicher Intelligenz. Die digitale Revolution betrifft all unsere Lebensbereiche und macht auch nicht vor der Kunst, dem Kunstschaffen und dem ästhetischen Erleben halt. Digitale Technologie, allen voran Künstliche Intelligenz, verändert, wie wir Kunst erschaffen und erleben und welche Art von Kunst hergestellt wird. Wie weit und wohin genau diese Veränderung führt, ist aktuell noch nicht abzusehen. Schon jetzt werden aber bereits grundlegende ästhetische und philosophische Fragen aufgeworfen, wie beispielsweise: Kann künstliche Intelligenz Kunst erschaffen und kreativ sein? Eröffnen digitale Technologien neue und wertvolle ästhetische Ausdrucksformen und Erlebniswelten, oder bedeuten sie eher einen Niedergang der Kunst, künstlerischer Fähigkeiten und ästhetischer Sensibilitäten? | ||
| 546 | |a German | ||
| 588 | |a Description based on print version record. | ||
| 650 | 0 | |a Aesthetics & Cultural Theory. | |
| 650 | 0 | |a Philosophy. | |
| 700 | 1 | |a Schmalzried, Lisa, |e editor. | |
| 776 | 0 | 8 | |i Print version: |t Ästhetik, Digitalisierung und Künstliche Intelligenz : Aesthetics, Digitalization, and Artificial Intelligence. |d Paderborn : Mentis, Brill Deutschland, 2025. |z 9783957433473 |
| 830 | 0 | |a Philosophia Digitalis ; |v 2. | |
| 830 | 0 | |a Schöningh, Fink and mentis Religious Studies, Theology and Philosophy E-Books Online, Collection 2026. | |
| 856 | 4 | |z DOI: |u http://dx.doi.org/10.30965/9783969753477 | |
| 942 | |2 lcc |c EBOOK | ||
| 999 | |c 61660 |d 61660 | ||
